000 00361nam a22001577a 4500
003 SGT
020 _a978-81-7855-565-2
082 _a616.0757
_bR19L
100 _aLAKHKAR, BHUSHAN N.
245 _aRADIOLOGICAL PROCEDURES A GUIDELINE
250 _a3RD
260 _aINDIA
_bARYA PUB
_c2019
300 _a285
650 _aRADIOLOGY
942 _2ddc
_cBK
_0226
999 _c19770
_d19770